000 01133nam a22003857a 4500
001 BR8403485
003 BR-BrBNA
005 20230928091946.0
007 ta
008 230509b bl.||||| |||| 00| 0 por d
040 _aBR-BrBNA
_bpor
_cBiblioteca Nacional de Agricultura
041 _a(Por)
072 _aP05; E10
_b8961
_b/G514
090 _ 8961 BR8403485
110 1 _aSuperintendencia do Desenvolvimento do Nordeste, Recife, PE (Brasil);
110 1 _aFundacao Instituto Tecnologico do Estado de Pernambuco, Recife (Brasil)
_94973
245 1 _aIndustria do alcool no Nordeste [Brasil]
250 1 _a2. ed.
260 3 _aRecife, PE (Brasil):
_c1984.
300 _a153 p.
500 _a55 tables; 39 ref.
650 _aALCOOL
650 _aINDUSTRIALIZACAO
650 _aCANA DE ACUCAR
650 _aPRODUTIVIDADE
650 _aDESENVOLVIMENTO INDUSTRIAL
650 _aPOLITICA GOVERNAMENTAL
650 _aINCENTIVO FISCAL
650 _aCOMERCIALIZACAO
650 _aESTOCAGEM
650 _aPOLUICAO AMBIENTAL
650 _aREGIAO NORDESTE
909 _a202309
_bLucia
_c55
_dLucia Elande
942 _cBK
999 _c36417
_d36417